000 00399nam a2200145Ia 4500
008 090123s9999 xx 000 0 und d
082 _b25624
245 _aडाक्टर वायरस
250 _a0
260 _bराज पॉकेट बुक्स
300 _a62
630 _aडाक्टर वायरस
730 _aडाक्टर वायरस
942 _cBOOK
999 _c63695
_d63695